| 000 | 00360cam a2200145ua 4500 | ||
|---|---|---|---|
| 041 |
_aeng _h |
||
| 082 |
_a823.308 _bSLA/PI |
||
| 100 | _aSlaughter, Frank.G . | ||
| 245 |
_aPilgrims in Paradise / _cG.Frank Slaughter. _hTextual Documents |
||
| 260 |
_aNewyork : _bPerma books , _c1961. |
||
| 300 | _a281 ; . | ||
| 504 | _a | ||
| 942 | _cBK | ||
| 999 |
_c904 _d904 |
||